ბათუმის შოთა რუსთაველის სახელმწიფო უნივერსიტეტის ბიბლიოთეკა

რჩეული თხზულებანი. ლექსები, რჩეული თარგმანები. ტ. 5 (ბიბ.ჩანაწერი № 50939)

000 -LEADER
fixed length control field 00814nam a2200205Ia 4500
001 - CONTROL NUMBER
control field 17896
003 - CONTROL NUMBER IDENTIFIER
control field GE_BSU
008 - FIXED-LENGTH DATA ELEMENTS--GENERAL INFORMATION
fixed length control field 181216s||||||||xx |||||||||||||| ||und||
040 ## - CATALOGING SOURCE
Transcribing agency GE_BSU
080 ## - UNIVERSAL DECIMAL CLASSIFICATION NUMBER
Universal Decimal Classification number 821.353.1 + 821.353.1-1 + 821-1
100 ## - MAIN ENTRY--PERSONAL NAME
Personal name ლორთქიფანიძე, კ. (კონსტანტინე, 1905-1986)
245 ## - TITLE STATEMENT
Title რჩეული თხზულებანი. ლექსები, რჩეული თარგმანები. ტ. 5
245 ## - TITLE STATEMENT
Statement of responsibility, etc. ვალენტინა ძიძიგურის რედ.
260 ## - PUBLICATION, DISTRIBUTION, ETC.
Place of publication, distribution, etc. თბილისი
260 ## - PUBLICATION, DISTRIBUTION, ETC.
Name of publisher, distributor, etc. მერანი.
260 ## - PUBLICATION, DISTRIBUTION, ETC.
Date of publication, distribution, etc. 1979
300 ## - PHYSICAL DESCRIPTION
Extent 285 გვ. : პორტრ. 17 სმ.
653 ## - INDEX TERM--UNCONTROLLED
Uncontrolled term ლექსები, რჩეული თარგმანები
942 ## - ADDED ENTRY ELEMENTS (KOHA)
Koha item type წიგნი
ეგზემპლარები
Withdrawn status Lost status Damaged status Not for loan Date acquired Barcode Date last seen Price effective from Koha item type
        2018-12-17 22296 2018-12-17 2018-12-17 წიგნი
        2018-12-17 22295 2018-12-17 2018-12-17 წიგნი
        2018-12-17 22294 2018-12-17 2018-12-17 წიგნი